000 00406nam a22001577a 4500
005 20250408154917.0
008 250408b |||||||| |||| 00| 0 eng d
020 _a9780273646846
050 _aHD30
_b.23 WIS
100 _aWisiniewski, Milk
245 _aQuantitative methods for decision makers
250 _a3rd
260 _aLondon
_bPrentice-Hall
_cc1994
300 _axiii, 574p
942 _2lcc
_cBK
_n0
999 _c5388
_d5388